Statistics for Countries Furthest From Israel

Click here to take the quiz!

General Stats

  • This quiz has been taken 23 times
  • The average score is 12 of 16

Answer Stats

kmAnswermi% Correct
13,960Australia8,674
95%
16,248New Zealand10,096
95%
12,569F.S. Micronesia7,810
82%
16,581Samoa10,303
82%
16,738Tonga10,400
82%
15,993Fiji9,938
77%
15,315Tuvalu9,516
77%
12,597Papua New Guinea7,827
73%
13,795Solomon Islands8,572
73%
15,035Vanuatu9,342
73%
14,205Kiribati8,827
68%
13,617Marshall Islands8,461
68%
13,842Nauru8,601
68%
13,201Chile8,203
59%
12,774Peru7,937
50%
12,501Mexico7,768
32%

Score Distribution

Percentile by Number Answered

Percent of People with Each Score

Your Score History

You have not taken this quiz